00377nam 22001453 4500001000700000016001100007100004100018200007200059210002300131215001500154606001300169610001500182675001600197801001800213202433 doferta a20260603d u||y0pory50 ba aCosmopolitan: apaixone-se pela vida (CD Áudio)fvários artistas cOpen Recordsd2000 cCD áudio aMúsica amusica pop a78vESzeng aPTbBMMNgRPC